000
00302nam a2200121Ia 4500
008
191201s2019 xx 000 0 und d
100
_a
Jain,N.K
245
0
_a
Professional Pharmacy
260
_b
Vallabh Prakashan
_a
New Delhi
_c
2019
300
_a
632
650
_a
Pharmaceutics - 23
942
_2
ddc
_c
BK
_0
1
999
_c
8348
_d
8348